Statistics for Taylor Swift - Never Grow Up Lyrics

Click here to take the quiz!

General Stats

  • This quiz has been taken 78 times
  • The average score is 380 of 435

Answer Stats

Answer% Correct
little
100%
You
100%
you
100%
darlin'
98%
do
98%
Don't
98%
don't
98%
ever
98%
grow
98%
stay
98%
this
98%
up
98%
a
96%
I
96%
Oh
96%
Just
94%
just
94%
never
94%
Never
94%
simple
94%
it
93%
It
93%
my
93%
your
93%
Your
93%
and
91%
And
91%
Could
91%
could
91%
to
91%
To
91%
be
89%
So
89%
so
89%
no
87%
on
87%
the
87%
in
85%
In
85%
It's
85%
it's
85%
try
85%
when
85%
Wish
85%
wish
85%
Won't
85%
won't
85%
around
83%
finger
83%
hands
83%
hurt
83%
i'd
83%
I'd
83%
let
83%
night
83%
apartment
81%
drop
81%
for
81%
grown
81%
me
81%
nobody
81%
of
81%
off
81%
one
81%
wrapped
81%
break
80%
dropped
80%
everything
80%
heart
80%
like
80%
much
80%
that
80%
though
80%
turn
80%
wanna
80%
will
80%
You're
80%
you're
80%
big
78%
city
78%
getting
78%
new
78%
older
78%
PJs
78%
ready
78%
school
78%
they
78%
too
78%
tuck
78%
block
76%
dad
76%
dance
76%
desert
76%
favorite
76%
fourteen
76%
gettin'
76%
her
76%
light
76%
quiet
76%
remember
76%
Remember
76%
she's
76%
than
76%
would
76%
all
74%
can't
74%
colder
74%
even
74%
everything's
74%
footsteps
74%
have
74%
honey
74%
mom's
74%
movies
74%
myself
74%
nightlight
74%
pictures
74%
room
74%
still
74%
Take
74%
tonight
74%
want
74%
way
74%
am
72%
brother's
72%
But
72%
'cause
72%
funny
72%
give
72%
here
72%
home
72%
make
72%
there's
72%
thought
72%
world
72%
At
70%
car
70%
childhood
70%
is
70%
nothing
70%
wait
70%
call
69%
dreamin'
69%
droppin'
69%
gets
69%
gone
69%
got
69%
if
69%
mind
69%
mortified
69%
regret
69%
shots
69%
someday
69%
songs
69%
eyelids
67%
gonna
67%
move
67%
out
67%
own
67%
Please
67%
what
67%
one's
65%
realized
65%
sounds
65%
burned
63%
flutter
63%
lose
63%
said
63%
words
63%
memorize
61%
left
59%
scarred
59%
Nothing's
52%

Score Distribution

Percentile by Number Answered

Percent of People with Each Score

Your Score History

You have not taken this quiz